000 00984nam a2200277Ia 4500
003 OSt
005 20221005111332.0
006 a|||||r|||| 00| 0
007 ta
008 221004b |||||||| |||| 00| 0 hin d
020 _a8181434854 (hbk)
_c550
024 _a11850
037 _b334, 20/03/2014, Vani Prakashan
_cTextual
040 _aCRL
_cCRL
_bhin
041 _2hin
_ahin
082 _aO152,3N40x, P5;P8.2
100 _aकालिया, ममता
245 0 _aममता कालिया की कहानियॉं
246 _aMamatā kāliyā kī kahāniyaॉan
250 _a2 संस्करण
260 _aनई दिल्ली
_bवाणी प्रकाशन भारत
_c2009
490 _vभाग 2
650 _aहिन्दी साहित्य
942 _hO152,3N40x, P5;P8.2
_cTEXL
_2cc
999 _c1021529
_d1021529